000 00299nam a22001337a 4500
008 170621b xxu||||| |||| 00| 0 eng d
020 _a394307879
041 _aeng
080 _a32
100 _a20
101 _aSHP
245 _aTHE EVOLUTION OF POLITICAL SOCIETY
_cFRIED,M.H
942 _2udc
_cBK
999 _c18368
_d18368